000 00848nam a2200253 i 4500
001 175683
003 ES-MaACL
005 20250830063317.0
007 t|
008 101116s1964 sp ||||1| spa d
080 _a27-584
100 1 _aTruhlar, Karel Vladimir.
_9111558
245 1 0 _aAntinomias de la vida espiritual /
_cCarlos Vladimiro Truhlar ; [traducción por José Antonio Garay].
260 _aMadrid :
_bRazón y Fe,
_cimp. 1964.
300 _a301 p. ;
_c23 cm.
490 1 _aBiblioteca "Razón y Fe" de Teología ;
_v6
500 _aÍndices.
594 _aTít. original: Antinomiae vitae spiritualis.
650 4 _aVida espiritual.
_912505
700 0 _aGaray, José Antonio.
_953942
830 0 0 _aBiblioteca "Razón y Fe" de teología
_v6
_9189823
852 _aES-MaACL
_jE-13547
_xOlim P-859
999 _c175683
_d175683